| 000 | 00507nam a2200169 a 4500 | ||
|---|---|---|---|
| 005 | 20240702063821.0 | ||
| 008 | 031006s1968 ag r 000 0 spa d | ||
| 035 | _aUPN01000129615 | ||
| 049 | _aCG | ||
| 050 | 4 |
_aTT160 _bK8.7 |
|
| 100 | 1 |
_aKühnemann, Ursula, _d1924-2008 _928846 |
|
| 245 | 1 | 0 |
_aRegalos para mamá / _cUrsula Kühnemann ; tr. de Elizabeth Berg. |
| 260 |
_aBuenos Aires : _bKapelusz, _c1968. |
||
| 300 | _a[34] p., [34] p. de láms. | ||
| 650 | 4 |
_aTrabajos manuales _910048 |
|
| 905 | _aLibro | ||
| 999 |
_c101787 _d101787 |
||